UM Logo

The Filipino scientists/ (Record no. 6700)

MARC details
000 -LEADER
fixed length control field 00459nam a22001457a 4500
008 - FIXED-LENGTH DATA ELEMENTS--GENERAL INFORMATION
fixed length control field 170426b xxu||||| |||| 00| 0 eng d
020 ## - INTERNATIONAL STANDARD BOOK NUMBER
International Standard Book Number 9716680279
082 ## - DEWEY DECIMAL CLASSIFICATION NUMBER
Edition number 1998
Classification number DFil 925
Item number B32
245 ## - TITLE STATEMENT
Title The Filipino scientists/
Statement of responsibility, etc. Compiled and edited by A.M. Batubalani.
260 ## - PUBLICATION, DISTRIBUTION, ETC. (IMPRINT)
Place of publication, distribution, etc. Tondo, Manila :
Name of publisher, distributor, etc. Loacan Publishing House,
Date of publication, distribution, etc. c1998.
300 ## - PHYSICAL DESCRIPTION
Extent 74 pages:
Other physical details illustrations;
Dimensions 20 cm.
650 #0 - SUBJECT ADDED ENTRY--TOPICAL TERM
9 (RLIN) 20292
Topical term or geographic name as entry element Scientists.
365 ## - TRADE PRICE
Price amount 70.00
Currency code Php.
942 ## - ADDED ENTRY ELEMENTS (KOHA)
Source of classification or shelving scheme Dewey Decimal Classification
Koha item type Filipiniana
Holdings
Withdrawn status Lost status Source of classification or shelving scheme Damaged status Not for loan Collection code Home library Current library Date acquired Source of acquisition Total Checkouts Full call number Barcode Date last seen Copy number Cost, replacement price Price effective from Koha item type
    Dewey Decimal Classification     Filipiniana UM Digos College - LIC UM Digos College - LIC 08/14/2008 Purchased   DFil 925 B32f 1998 19564 05/15/2025 1 70.00 04/26/2017 Filipiniana
    Dewey Decimal Classification     Filipiniana UM Digos College - LIC UM Digos College - LIC 08/14/2008 Purchased   DFil 925 B32f 1998 19565 05/15/2025 2 70.00 04/26/2017 Filipiniana